| 000 | 01932nam a2200373 4500 | ||
|---|---|---|---|
| 003 | EC-UNACH | ||
| 005 | 20250512092342.0 | ||
| 006 | s||||gr|||| 00| 00 | ||
| 008 | 150116t9999 mx r gr 000 0 spa d | ||
| 020 | _aNo especifica el libro | ||
| 040 |
_aEC-UNACH _cEC-UNACH |
||
| 041 | _aspa | ||
| 082 | 0 | 4 |
_223 _a300 _bL017711 |
| 110 | _aCentro Andino de Acción Popular (CAAP) | ||
| 245 | _aEcuador Debate N°30. Gobernabilidad y Democracia | ||
| 250 | _aPrimera Edición | ||
| 264 |
_aQuito, Ecuador _bCAAP _c1993 |
||
| 300 |
_a180 páginas _bTablas, cuadros |
||
| 505 | _aEditorial.-- Coyuntura.- Aspectos de la Coyuntura Ecuatoriana a fines del 1993. Coyuntura Internacional-Equipo Coyuntura "CAAP" -- Tema Central.-Menos Estado y Más Gobierno. ¿Basta la Gobernabilidad...?.El gobierno estatal de la Gobernabilidad: Entrevista a Mario Ribadeneira y a Pablo Lucio Paredes. Tres apuntes acerca del desinterés ciudadano por la política en los Andes. Gobernabilidad y educación.--Publicaciones Recibidas.-- Debate agrario.- Apuntes sobre la parcera agrícola en la sierra ecuatoriana: Observaciones sobre la provincia de Cotopaxi. La diversificación de las exportaciones agrícolas : el caso de mango. -- Análisis.- Hacia una propuesta de unificación salarial en el país. Las cámaras de la Producción y de la Política: Ecuador 1980-1990. ¡De hacer a ser! -- Crítica Bibliográfica.- La seducción Velasquista. | ||
| 650 | _aEXPORTACIONES AGRÍCOLAS | ||
| 650 | _aPOLÍTICA ECUATORIANA | ||
| 650 | _aMACROECONOMÍA | ||
| 650 | _aCRÍSIS DEMOCRÁTICA | ||
| 650 | _aPROPUESTA SALARIAL | ||
| 700 | _aSánchez Parga, José | ||
| 700 | _aDos Santos, Mario | ||
| 700 | _aOrtiz, Pablo | ||
| 700 | _aVan Aerde, Michel | ||
| 942 |
_2ddc _c1 |
||
| 999 | _c13485 | ||